| 000 | 00457pab a2200169 454500 | ||
|---|---|---|---|
| 008 | 180718b2014 xxu||||| |||| 00| 0 eng d | ||
| 100 | _aEconomy, Elizabeth | ||
| 245 | _aEnvironmental governance in China: State control to crisis management | ||
| 260 | _c2014 | ||
| 300 | _ap.184-197. | ||
| 362 | _aSpring | ||
| 650 | _aEnvironmental management - China | ||
| 650 | _aEnvironmental management | ||
| 773 | _aDaedalus | ||
| 908 | _aN | ||
| 909 | _a104210 | ||
| 999 |
_c104206 _d104206 |
||